00605cam a22001817a 4500003000500000005001700005008004100022010001000063011001000073035001100083040000900094100004300103245012800146260004100274300001800315502007500333650001500408CHAP20220329142931.0050314d2005 mx r 00110 spa d a89808 a90780 a101337 cCHAP00aHernández García, Jatziry Anahí.10aEstado actual del conocimiento del orégano mexicano (Lippia graveolens H.B.K.)c/por Jatziry Anahí Hernández García aChapingo, Méx. :bEl autor,c2005. a71 h. ;bmapa aTesis (Ing. en Agroecología) -- UACH. Departamento de Agroecología14aOrégano.